| 000 | 00932nam a2200265Ia 4500 | ||
|---|---|---|---|
| 003 | OSt | ||
| 005 | 20221005105643.0 | ||
| 006 | a|||||r|||| 00| 0 | ||
| 007 | ta | ||
| 008 | 221004b |||||||| |||| 00| 0 urd d | ||
| 020 |
_a8181431278 (hbk) _c100 |
||
| 024 | _a104571 | ||
| 037 |
_b371, 17/02/2011, Vani Prakashan _cTextual |
||
| 040 |
_aCRL _cCRL _burd |
||
| 041 |
_2urd _aurd |
||
| 082 | _aO168,1x, 152P4 | ||
| 100 | _aशाहिद, निशात, संपा. | ||
| 245 | 0 | _aनयी उर्दू ग़ज़ल | |
| 246 | _aNayī urdū ग़ज़la | ||
| 260 |
_aनई दिल्ली _bवाणी प्रकाशन भारत _c2004 |
||
| 300 |
_a101पृ0 _ccm. |
||
| 650 | _aउर्दू साहित्य | ||
| 942 |
_hO168,1x, 152P4 _cTEXL _2cc |
||
| 999 |
_c1016468 _d1016468 |
||